000 00361nam a2200145Ia 4500
005 20240807062417.0
008 240806s9999||||xx |||||||||||||| ||eng||
041 _aeng
100 _aBhawani Prasad Mishra
245 0 _aShareer kavita phasle aur phool /
_cBhawani Prasad Mishra
260 _bGyan Bharti Delhi
300 _a0
650 _aHindi
942 _cBK
999 _c18129
_d18129